00297 a2200109 4500001000700000020000600007040001100013100003500024240006200059245005700121362000900178167135 a  cMagnum aFavero, Maria de Lourdes de A.10aUniversidade do brasil: guia dos dispositivos legaislpor10aUniversidade do brasil: guia dos dispositivos legais0 a1899